Una visión del mundo ganadero montañés /

Detalles Bibliográficos
Autor principal: González de Linares, Gervasio, 1834-1893 (Autor)
Otros Autores: Puente Fernández, Leonor de la, 1956- (contributor agent of text.)
Formato: Electrónico eBook
Lenguaje:español
Publicado: Santander : Ediciones Universidad de Cantabria, 2014.
Colección:Cantabria 4 estaciones.
Materias:
Acceso en línea:Digitalia Hispánica

MARC

LEADER 00000nam a2200000Ii 4500
001 DIGUCANT0031
003 NyNyDIG
007 cr |||||||||||
008 220525s2014 sp o 000 0 spa d
006 m o d
035 |a (OCoLC)908044552 
040 |a DGITA  |b eng  |e rda  |e pn  |c DGITA 
020 |a 9788481027082  |q eBook  |q pdf 
020 |z 9788481021813 
043 |a e-sp--- 
050 1 4 |a SF196.S7 ebook 
100 1 |a González de Linares, Gervasio,  |d 1834-1893,  |e author. 
245 1 4 |a Una visión del mundo ganadero montañés /  |c Gervasio González de Linares ; estudio preliminar, Leonor de la Puente Fernández. 
264 1 |a Santander :  |b Ediciones Universidad de Cantabria,  |c 2014. 
300 |a 1 online resource. 
336 |a text  |b txt  |2 rdacontent 
337 |a computer  |b c  |2 rdamedia 
338 |a online resource  |b cr  |2 rdacarrier 
347 |a text file  |2 rdaft 
347 |b PDF 
490 1 |a Cantabria 4 estaciones  
588 0 |a Online resource; title from PDF title page (Digitalia, viewed May 25, 2022) 
650 0 |a Cattle  |z Spain. 
655 0 |a Electronic books. 
700 1 |a Puente Fernández, Leonor de la,  |d 1956-  |e contributor agent of text. 
791 2 |a Digitalia (Firm),  |e distributor. 
793 0 |g Digitalia eBook Collection:  |a Ediciones Universidad Cantabria 
776 0 8 |i Print version:  |a González de Linares, Gervasio, 1834-1893.  |t Visión del mundo ganadero montañés.  |d Santander : Ediciones Universidad de Cantabria, 2014  |z 9788481021813 
830 0 |a Cantabria 4 estaciones. 
856 4 0 |3 Digitalia Hispánica  |u https://www.digitaliapublishing.com/a/38760/ 
910 |a Premium collection: 2022